| 000 | 00779 a2200193 4500 | ||
|---|---|---|---|
| 999 |
_c10426 _d10426 |
||
| 020 | _a9780323374781 | ||
| 050 | _aRM172. HOW 2017 | ||
| 100 |
_aHoward, Paula R. _eauthor |
||
| 245 |
_aBasic & applied concepts of blood banking and transfusion practices / _cPaula R Howard; Kathy D Blaney |
||
| 250 | _a4th edition | ||
| 264 |
_aSt. Louis, Missouri : _b Elsevier, _c2017 |
||
| 300 | _ax, 406 pages : illustrations ; 28 cm | ||
| 440 | _aBasic and applied concepts of blood banking and transfusion practices | ||
| 500 | _aRevision of: Basic & applied concepts of immunohematology / Kathy D. Blaney, Paula R. Howard. c2013. 3rd. lncludes index | ||
| 650 | _aBlood banks. | ||
| 650 | _a Immunohematology. | ||
| 650 | _aBlood -- Transfusion. | ||
| 942 |
_2lcc _cBK _h172 _iHOW _kRM |
||